Municipios españoles más poblados que comienzan con U - Estadísticas

Estadísticas generales
  • Esta prueba ha sido intentada 362 veces
  • La puntuación promedio es 3 de 12
Estadísticas de respuestas
Población Municipio Comunidad % Correcto
33.838 Úbeda Andalucía
75%
51.857 Utrera Andalucía
64%
11.607 Utiel Com. Valenciana
48%
18.917 Utebo Aragón
47%
16.352 Ubrique Andalucía
23%
6.341 Usurbil País Vasco
14%
6.500 Ulldecona Cataluña
12%
6.196 Urnieta País Vasco
10%
5.468 Urduliz País Vasco
9%
9.371 Umbrete Andalucía
8%
6.733 Urretxu País Vasco
7%
5.750 Ugena Castilla-La Mancha
6%
No se encontraron pruebas coincidentes
Distribución de puntuación
Porcentaje de gente con cada puntuación
Porcentaje por número respondido
Historial de tus puntuaciones
No has intentado esta prueba.